000 01032nam0a22002531 4500
001 v19\rc\1961304
005 20251118181011.4
035 _a(NLR Aleph) 005045089
090 _a6834726
_c6834726
100 _a20080428d1915 |||y0rusy50 ca
101 0 _arus
102 _aRU
105 _ay z |||||
200 1 _aИнструкция к собиранию сведений о сельском водоснабжении
_fСост. инж. Г.И. Тарловский, инж. гидротехник Отд. земел. улучшений
_gСаратовск. губ. землеустроительная комис. Гидротехн. отд.
210 _aСаратов
_cтипо-лит. Губ. правл.
_d1915
215 _a[2], IV, 27 с.
_d25
700 1 _aТарловский
_bГ. И.
_gГенрих Иосифович
_4220
801 0 _aRU
_bNLR
_gpsbo
801 0 _aRU
_bRuMoRGB
_2psbo
801 1 _aRU
_bProSoft-M
_2rusmarc
852 _aNLR
_j37.58.4.226
899 _aRuMoRGB
_jV 122/1224
942 _cBOOK
980 _aNB